Govt. of
Madhya Pradesh

Normal view MARC view

Entry Personal Name

Number of records used in: 1

001 - CONTROL NUMBER

  • control field: 54306

003 - CONTROL NUMBER IDENTIFIER

  • control field: OSt

005 - DATE AND TIME OF LATEST TRANSACTION

  • control field: 20160427124352.0

008 - FIXED-LENGTH DATA ELEMENTS

  • fixed length control field: 160427|| aca||aabn | a|a d

040 ## - CATALOGING SOURCE

  • Original cataloging agency: OSt
  • Transcribing agency: OSt

100 ## - HEADING--PERSONAL NAME

  • Personal name: ताई यासमीन अब्‍बासअली

670 ## - SOURCE DATA FOUND

  • Source citation: Work cat.: (OSt)46412: ताई यासमीन अब्‍बासअली , मोहन राकेश हिन्‍दी तथा कृश्‍न चन्‍दर उर्दू की कहानियों में प्रणयभाव तथा दाम्‍पत्‍य जीवन का चित्रण तुलनात्‍मक अध्‍ययन , 2009